| 000 | 00364 a2200109 4500 | ||
|---|---|---|---|
| 001 | ART_3630 | ||
| 005 | 20260410161716.0 | ||
| 008 | 260409a | ||
| 245 | 1 | 0 | _aUna medida alternativa de la pobreza en el Gran Buenos Aires: 1989-1994 |
| 100 | 1 | _aPetrecolla, Diego | |
| 773 | 0 |
_tDesarrollo económico _g- Vol. 36, Nº 141 (abr./jun. 1996) _wREV1174 |
|
| 999 |
_c16566 _d16566 |
||